000 00710nam a22002177a 4500
003 koha_MIRAKIL
005 20251210130001.0
008 251210b eng||||| |||| 00| 0 eng d
020 _a9780713689105
040 _aTR-IsEVY
_btur
_cTR-IsEVY
082 _a420 WES/M
100 _aWeston, Carrie
245 4 _aMighty Max /
_cCarrie Weston ; illustrated by Lara Jones.
260 _aLondon :
_bA & C Black,
_c2010.
300 _a48 p. :
_bcolour pictures. ;
_c21 cm.
490 0 _aChameleons.
650 _aEnglish Education.
_vChildren's literature.
_xReading Books.
650 _aİngilizce Dil Eğitimi.
_vÇocuk Edebiyatı.
_xOkuma Kitapları.
700 1 _aJones, Lara.
_cillustrated.
942 _2ddc
_cBK
999 _c23056
_d23056